Expectations and Stability in Oligopoly models

Saved in:
Bibliographic Details
Main Author: Okuguchi, Koji
Format: Book
Language:English
Published: Heidelberg Springer-Verlag 1976
Series:Lecture Notes in Economics and Mathematical Systems; Mathematical Economics 138
Subjects:
Tags: Add Tag
No Tags, Be the first to tag this record!

MARC

LEADER 00000nam a2200000 4500
001 0279653
005 20240325111231.6
020 |a 978-3-540-08056-5 
041 0 |a eng 
044 |a DE 
245 1 0 |a Expectations and Stability in Oligopoly models  |c Koji Okuguchi 
264 1 |a Heidelberg  |b Springer-Verlag  |c 1976 
300 |a 103 s. 
490 1 |a Lecture Notes in Economics and Mathematical Systems; Mathematical Economics  |v 138 
830 0 |a Lecture Notes in Economics and Mathematical Systems; Mathematical Economics  |v 138 
610 2 0 |a oligopoly 
610 2 0 |a modely 
610 2 0 |a stabilita finančná 
610 2 0 |a duopoly 
610 2 0 |a rovnováha hospodárska 
610 2 0 |a ekonómia matematická 
610 2 0 |a ekonometria 
610 2 0 |a výskum operačný 
100 1 |a Okuguchi, Koji